[Event "SWE-ch"]
[Site "Linkoping"]
[Date "1996.??.??"]
[Round "1"]
[White "Malmstig, Erik"]
[Black "Jepson, Christian"]
[Result "1-0"]
[WhiteElo "2235"]
[BlackElo "2380"]

1.d4 Nf6 2.c4 e6 3.Nf3 c5 4.d5 d6 5.Nc3 exd5 6.cxd5 g6 7.e4 Bg7 8.Bd3 O-O
9.h3 Re8 10.O-O c4 11.Bc2 b5 12.a3 a6 13.Bf4 Bb7 14.Qd2 Qb6 15.Be3 Qc7 16.Rfe1 Nbd7
17.Nd4 Nc5 18.f3 Rac8 19.Kh1 Qe7 20.Bg5 Qf8 21.Rad1 Nfd7 22.f4 Nd3 23.Bxd3 Bxd4
24.Be2 Bg7 25.Bg4 f5 26.exf5 gxf5 27.Bh5 Rxe1+ 28.Qxe1 Nf6 29.Qe6+ Kh8 30.Bf3 Re8
31.Qxf5 Re3 32.Qc2 h6 33.Bh4 Qe8 34.Bf2 Rxf3 35.gxf3 Qh5 36.Kg2 Nxd5 37.Nxd5 Bxd5
38.Qe2 Qg6+ 39.Kh2 Qf5 40.Be3 Be6 41.Qg2 d5 42.Bd4 Bxd4 43.Rxd4 a5 44.Rd1 b4
45.Re1 bxa3 46.bxa3 c3 47.Kg1 d4 48.Qf2 Qc5 49.Qh4 d3+ 50.Kh2 Bf5 51.Qf6+ Kh7
52.Qf7+  1-0

[Event "SWE-ch"]
[Site "Linkoping"]
[Date "1996.??.??"]
[Round "11"]
[White "Sjoberg, Mats"]
[Black "Hall, Jesper"]
[Result "0-1"]
[WhiteElo "2445"]
[BlackElo "2425"]

1.d4 Nf6 2.c4 e6 3.d5 c5 4.Nf3 exd5 5.cxd5 d6 6.Nc3 g6 7.h3 a6 8.a4 Qe7 9.a5 Nbd7
10.Bg5 Bg7 11.Nd2 h6 12.Bh4 b5 13.axb6 Nxb6 14.e4 g5 15.Bg3 Nbxd5 16.Nxd5 Nxd5
17.Bb5+ axb5 18.Rxa8 Nb6 19.Ra5 Bd7 20.O-O O-O 21.Ra6 Nc8 22.b3 c4 23.bxc4 bxc4
24.Qb1 Be6 25.Qb4 c3 26.Nb1 d5 27.Qxe7 Nxe7 28.Bd6 Re8 29.Bxe7 Rxe7 30.Ra8+ Kh7
31.exd5 Bf5 32.g4 Bd3 33.Rc1 c2 34.Na3 Bb2 35.Rxc2 Bxa3 36.Rd2 Re1+ 37.Kg2 Bf1+
38.Kf3 Bc1 39.Rc2 Bf4 40.Rcc8 Rd1 41.Rh8+ Kg7 42.Rag8+ Kf6 43.Rxh6+ Ke5 44.Re8+ Kd4
45.Re4+ Kxd5 46.Rf6 Rd3+ 47.Re3 Bxe3 48.fxe3 Rd2 49.Rxf7 Bd3 50.Rd7+ Ke6
51.Rd4 Be2+ 52.Kg3 Ra2 53.h4 gxh4+ 54.Kxh4 Bf3 55.Rf4 Bd5 56.g5 Rh2+ 57.Kg4 Rg2+
58.Kh5 Ke5 59.Kh6 Be4 60.Rf8 Rh2+ 61.Kg7 Rh7+ 62.Kg8 Rh5 63.Re8+ Kd5 64.Rd8+ Kc5
65.Kf7 Rxg5 66.Rc8+ Kd5 67.Rd8+ Ke5 68.Re8+ Kf5 69.Ke7 Bc6 70.Rc8 Rg6 71.Rh8 Re6+
72.Kd8 Ke5 73.Kc7 Bf3 74.Rh3 Rf6 75.Rh4 Rc6+ 76.Kd8 Rc3 77.Rd4 Be4 78.Rb4 Bf5
79.Ke7 Rc7+ 80.Kd8 Rd7+ 81.Ke8 Ra7 82.e4 Bxe4 83.Rb2 Bd5 84.Rf2 Be6 85.Kf8 Bf5
86.Re2+ Kf6 87.Re8 Bd7 88.Rb8 Be6 89.Ke8 Rd7 90.Ra8 Rh7  0-1

[Event "London"]
[Site "London"]
[Date "1996.??.??"]
[Round "6"]
[White "Grooten, Herman"]
[Black "McMahon, Daire"]
[Result "1-0"]
[WhiteElo "2370"]
[BlackElo "2260"]

1.d4 Nf6 2.c4 e6 3.Nf3 c5 4.d5 exd5 5.cxd5 d6 6.Nc3 g6 7.Nd2 Nbd7 8.e4 Bg7
9.Be2 O-O 10.O-O Re8 11.Re1 h6 12.a4 a6 13.Qc2 Rb8 14.b3 Ne5 15.Bb2 Nh7 16.Nd1 Qe7
17.Ne3 g5 18.Ndf1 Ng6 19.Bxg7 Kxg7 20.Ng3 Nh4 21.Bg4 Bxg4 22.Nxg4 Nf8 23.Nh5+ Kh8  1-0

[Event "Wch U18"]
[Site "Menorca"]
[Date "1996.??.??"]
[Round "9"]
[White "Rzaev, Rauf"]
[Black "Tugui, Adrian"]
[Result "1/2-1/2"]
[WhiteElo "2225"]
[BlackElo "2345"]

1.d4 Nf6 2.c4 c5 3.d5 e6 4.Nc3 exd5 5.cxd5 d6 6.Nf3 g6 7.g3 Bg7 8.Bg2 O-O
9.Nd2 Na6 10.Nc4 Nh5 11.O-O Nc7 12.a4 b6 13.Re1 Ba6 14.Qd3 f5 15.Bd2 Qd7
16.b3 Rae8 17.Bf3 Nf6 18.Rad1 Ng4 19.Bxg4 fxg4 20.Rf1 Rf5 21.Qc2 Bxc4 22.bxc4  1/2-1/2

[Event "Moscow Alekhine op"]
[Site "Moscow"]
[Date "1996.??.??"]
[Round "?"]
[White "Saruhanjan, Moris"]
[Black "Osadchenko, Andrei"]
[Result "1/2-1/2"]
[WhiteElo "2305"]
[BlackElo "2125"]

1.d4 Nf6 2.c4 e6 3.Nc3 c5 4.d5 exd5 5.cxd5 d6 6.Nf3 g6 7.Nd2 Bg7 8.e4 O-O
9.Be2 b6 10.O-O Ba6 11.f4 Re8 12.Re1 Qd7 13.Bf3 h5 14.h3 Nh7 15.a4 c4 16.Nf1 Qc8
17.e5 dxe5 18.d6 Bb7 19.Nd5 Nc6 20.Nc7 Qd7 21.Nxa8 Bxa8 22.Bd5 Nb4 23.Bxa8 Rxa8
24.fxe5 Nd3 25.Re4 Bxe5 26.Rxc4 Qxd6 27.Ra3 Rd8 28.Qc2 Bd4+ 29.Be3 Bxb2 30.Rb3 Bg7
31.Rc8 Nc5 32.Rxd8+ Qxd8 33.Bxc5 bxc5 34.Kh1 Bd4 35.Qc4 Qf6 36.Rf3 Qe7 37.Ng3 Ng5
38.Rf1 h4 39.Ne2 Ne4 40.Qc2 Nf2+ 41.Kh2 Qd6+ 42.g3 Be5 43.Kg2 hxg3 44.Qb3 Qd7
45.Nxg3 Qxh3+ 46.Kxf2 Qh2+ 47.Ke3 Qxg3+ 48.Rf3 Bd4+ 49.Kd2 Qc7 50.Qd5 Kg7
51.Kd1 Bf6 52.Rb3 Qd8 53.Qxd8 Bxd8 54.Rb5 a5 55.Rxc5 Kf6 56.Rd5 Ke7 57.Ke2 Bc7
58.Kf3  1/2-1/2

[Event "Moscow Alekhine op"]
[Site "Moscow"]
[Date "1996.??.??"]
[Round "?"]
[White "Zakharevich, Igor"]
[Black "Osadchenko, Andrei"]
[Result "1-0"]
[WhiteElo "2435"]
[BlackElo "2125"]

1.d4 Nf6 2.c4 e6 3.Nf3 c5 4.d5 exd5 5.cxd5 d6 6.Nc3 g6 7.h3 Bg7 8.e4 O-O
9.Bd3 b5 10.Nxb5 Nxe4 11.Bxe4 Re8 12.Ng5 h6 13.Ne6 fxe6 14.O-O Ba6 15.a4 e5
16.Bxg6 Bxb5 17.axb5 Re7 18.Qh5 Qf8 19.Bg5 Rb7 20.Ra3 Nd7 21.Rf3 Nf6 22.Bxf6 Bxf6
23.Qf5 Kg7 24.Bh5  1-0

[Event "Moscow-ch"]
[Site "Moscow"]
[Date "1996.??.??"]
[Round "8"]
[White "Gutov, Andrei"]
[Black "Chudinovskih, Alexander"]
[Result "0-1"]
[WhiteElo "2195"]
[BlackElo "2290"]

1.d4 Nf6 2.c4 e6 3.Nf3 c5 4.d5 exd5 5.cxd5 d6 6.Nc3 g6 7.h3 Bg7 8.e4 O-O
9.Bd3 a6 10.a4 Nbd7 11.O-O Rb8 12.Re1 Qe7 13.Qc2 Nh5 14.Bf1 Ne5 15.Nxe5 Bxe5
16.g3 f5 17.f4 Bd4+ 18.Kh2 g5 19.Qe2 Qf7 20.e5 gxf4 21.gxf4 dxe5 22.fxe5 Kh8
23.Bg2 Re8 24.Be3 Bxe5+ 25.Kg1 b6 26.d6 Rg8 27.Bg5 Bd4+ 28.Kh2 Rxg5 29.Bd5 Qf8
30.Qe7 Qxe7 31.Rxe7 Bf6 32.Bc6 f4 33.Rf1 Bxh3 34.Kxh3 Rbg8 35.Rf3  0-1

[Event "Moscow-ch"]
[Site "Moscow"]
[Date "1996.??.??"]
[Round "8"]
[White "Orlinkov, Maxim L"]
[Black "Chasovnikova, Eugenia"]
[Result "1-0"]
[WhiteElo "2305"]
[BlackElo "2125"]

1.d4 Nf6 2.c4 c5 3.d5 e6 4.Nc3 exd5 5.cxd5 d6 6.Nf3 g6 7.g3 Bg7 8.Bg2 O-O
9.O-O Na6 10.Bf4 Qe7 11.Re1 Bd7 12.e4 Ng4 13.h3 Ne5 14.Nxe5 Bxe5 15.Bxe5 Qxe5
16.f4 Qd4+ 17.Qxd4 cxd4 18.Ne2 d3 19.Nd4 f6 20.a3 Nc5 21.b4 Na4 22.Rad1 Rac8
23.Rxd3 Rc4 24.e5 fxe5 25.fxe5 dxe5 26.Rxe5 Nb2 27.Rb3 Rc1+ 28.Kh2 Nc4 29.Re2 Rd1
30.Ne6 Rf5 31.Nc5 Bb5 32.a4 Nd2 33.axb5 Nf1+ 34.Bxf1 Rfxf1 35.Rd3 Rh1+ 36.Kg2 Rdf1
37.Rf2 Rfg1+ 38.Kf3 Rxh3 39.d6 Rgxg3+ 40.Ke2 Rxd3 41.Nxd3 Rh5 42.Nf4 Re5+  1-0

[Event "Moscow-ch"]
[Site "Moscow"]
[Date "1996.??.??"]
[Round "9"]
[White "Rychagov, Andrei"]
[Black "Yakovich, Yuri"]
[Result "1/2-1/2"]
[WhiteElo "2375"]
[BlackElo "2530"]

1.d4 Nf6 2.c4 e6 3.Nf3 c5 4.d5 d6 5.Nc3 exd5 6.cxd5 g6 7.e4 a6 8.a4 Bg4 9.Be2 Bxf3
10.Bxf3 Nbd7 11.Bf4 Qe7 12.O-O Bg7 13.Rb1 O-O 14.b4 cxb4 15.Rxb4 Rac8 16.Nb1 Nc5
17.Re1 Nfd7 18.Bg4 Rfe8 19.Be3 a5 20.Rc4 Ne5 21.Rxc5 Rxc5  1/2-1/2

[Event "JUG-chT"]
[Site "Niksic"]
[Date "1996.??.??"]
[Round "?"]
[White "Blagojevic, Dragisa"]
[Black "Vratonjic, Slobodan"]
[Result "1-0"]
[WhiteElo "2450"]
[BlackElo "2445"]

1.d4 Nf6 2.c4 e6 3.Nf3 c5 4.d5 exd5 5.cxd5 d6 6.Nc3 g6 7.h3 a6 8.a4 Qe7 9.Bf4 Bg7
10.Nd2 O-O 11.Nc4 Rd8 12.e3 Ne8 13.Be2 Nd7 14.O-O Ne5 15.Nb6 Rb8 16.Qb3 Nd7
17.Rac1 Nxb6 18.Qxb6 Qc7 19.Qxc7 Nxc7 20.Ne4 Ne8 21.Nxc5 Bxb2 22.Rb1 Bc3
23.Rb3 Ba5 24.Rfb1 Bf5 25.e4 dxc5 26.exf5 Bc7 27.Bxc7 Nxc7 28.fxg6 b5 29.gxf7+ Kxf7
30.axb5 axb5 31.Bxb5 Nxb5 32.Rxb5 Rxb5 33.Rxb5 Rxd5 34.Rb7+ Kg6 35.g4 h5
36.Kg2 Kg5 37.Kg3 Rd3+ 38.f3 h4+ 39.Kf2 Kf4 40.Rf7+ Ke5 41.Re7+ Kd6 42.Rh7 Ke5
43.Rh5+ Kd4 44.Rxh4 Rd2+ 45.Kg3 c4 46.g5+ Kd3 47.g6 c3 48.g7 c2 49.g8=Q c1=Q
50.Qd5+ Ke2 51.Qc4+ Qxc4 52.Rxc4 Rd1 53.f4 Rg1+ 54.Kh4 Kf3 55.f5 Rg8 56.Kh5 Rh8+
57.Kg6 Rg8+ 58.Kf7 Ra8 59.f6 Kg3 60.Kg7  1-0

[Event "JUG-ch op"]
[Site "Nis"]
[Date "1996.??.??"]
[Round "6"]
[White "Sahovic, Dragutin"]
[Black "Arsovic, Zoran"]
[Result "1-0"]
[WhiteElo "2405"]
[BlackElo "2460"]

1.d4 Nf6 2.c4 e6 3.Nf3 c5 4.d5 exd5 5.cxd5 d6 6.Nc3 g6 7.e4 a6 8.a4 Bg4 9.Be2 Bxf3
10.Bxf3 Nbd7 11.Bf4 Qe7 12.O-O Bg7 13.Re1 O-O 14.Qd2 Rfe8 15.Be2 Rac8 16.a5 c4
17.f3 Ne5 18.Be3 h5 19.h3 Qf8 20.Ra4 Re7 21.Rb4 Rec7 22.f4 Ned7 23.Bf3 Re8
24.Qe2 Rec8 25.Ra1 Nh7 26.g3 Bf6 27.h4 Bg7 28.Raa4 Nc5 29.Bxc5 Rxc5 30.Rxb7 Bd4+
31.Kg2 Qe8 32.Ra3 Rb8 33.Rb6 Qd8 34.Rxa6 Nf6 35.Ra2 Qc7 36.e5 dxe5 37.Rxf6 e4
38.Nxe4 Rcb5 39.Rb6 Bxb6 40.axb6 R8xb6 41.d6 Qb8 42.d7 Kg7 43.Qd2 Rxb2 44.Rxb2 Rxb2
45.d8=Q  1-0

[Event "BCF-ch"]
[Site "Nottingham"]
[Date "1996.??.??"]
[Round "4"]
[White "Sadler, Matthew"]
[Black "Ward, Christopher"]
[Result "0-1"]
[WhiteElo "2615"]
[BlackElo "2460"]

1.d4 Nf6 2.c4 e6 3.Nf3 c5 4.d5 d6 5.Nc3 exd5 6.cxd5 g6 7.Nd2 Bg7 8.Nc4 O-O
9.g3 b6 10.a4 Ne8 11.Bg2 Nd7 12.O-O Ba6 13.Na3 f5 14.Bd2 Ne5 15.Qc1 Nf6 16.Bh6 Qd7
17.Ra2 Bxh6 18.Qxh6 Nh5 19.Qc1 f4 20.Nab5 h6 21.b3 Rf7 22.Ne4 Bxb5 23.axb5 Rd8
24.Qc3 Nf6 25.Nxf6+ Rxf6 26.Rfa1 Qxb5 27.gxf4 Rxf4 28.e3 Rb4 29.f4 Rxb3 30.Qc2 Nd3
31.Rxa7 c4 32.Rc7 Qe8 33.e4 Nxf4 34.Qxc4 Re3 35.Rg7+ Kh8 36.Qb4 Ne2+ 37.Kf2 Qf8+
38.Kxe3 Qxg7  0-1

[Event "Nova Gorica"]
[Site "Nova Gorica"]
[Date "1996.??.??"]
[Round "6"]
[White "Maksimenko, Andrei"]
[Black "Zelcic, Robert"]
[Result "1/2-1/2"]
[WhiteElo "2545"]
[BlackElo "2495"]

1.Nf3 Nf6 2.d4 c5 3.d5 e6 4.c4 exd5 5.cxd5 d6 6.Nc3 Be7 7.e4 O-O 8.Nd2 b6
9.a4 Ne8 10.Be2 Ba6 11.Nc4 Nc7 12.b3 Bf6 13.Bd2 b5 14.axb5 Nxb5 15.Nxb5 Bxa1
16.Nbxd6 Bxc4 17.Nxc4 Bd4 18.O-O Nd7 19.Bf4 Nb6 20.Nd6 Qf6 21.Qc1 Be5 22.Nf5 Bxf4
23.Qxf4 g6 24.Nh6+ Kg7 25.Qc1 Qe7 26.Ng4 h5 27.Qc3+ f6 28.Ne3 Qxe4 29.Qxc5 Rac8
30.Qa5 Qe7 31.Ra1 Rf7 32.Bxh5 Rc5 33.Qa2 Nxd5 34.Nxd5 Rxd5 35.Bf3 Rd3 36.Be2 Rd4
37.g3 Qc5 38.Bc4 Rfd7 39.Qe2 Rd2 40.Qf3 Qe5 41.Ra6 Re7 42.Kg2 f5 43.h4 Qe4
44.Ra4 Rc2 45.Ra6 Rd2 46.Ra4 Rd4 47.Qxe4 Rdxe4 48.Ra2 Kf6 49.Ra6+ Kg7 50.Ra2 Rd7
51.Ra5 Rde7  1/2-1/2

[Event "Oberwart op"]
[Site "Oberwart"]
[Date "1996.??.??"]
[Round "1"]
[White "Farago, Ivan"]
[Black "Leimeister, Winfried"]
[Result "1-0"]
[WhiteElo "2515"]
[BlackElo "2015"]

1.d4 Nf6 2.c4 c5 3.d5 e6 4.Nc3 exd5 5.cxd5 d6 6.Nf3 g6 7.Nd2 Nbd7 8.e4 Bg7
9.Be2 O-O 10.O-O Re8 11.a4 b6 12.Ra3 a6 13.Qc2 Ne5 14.f4 Neg4 15.Nd1 Nxd5
16.Nc4 Bd4+ 17.Kh1 Nxh2 18.Kxh2 Qh4+ 19.Rh3 Bxh3 20.gxh3 Nb4 21.Qd2 Qd8 22.Nc3 Rb8
23.Bf3 b5 24.axb5 axb5 25.Na3 Qa5 26.Nd5 Nc6 27.Qd1 Ne7 28.Nc2 Nxd5 29.Nxd4 Nf6
30.Nc6  1-0

[Event "Oberwart op"]
[Site "Oberwart"]
[Date "1996.??.??"]
[Round "4"]
[White "Wohlfahrt, Herbert J"]
[Black "Hardicsay, Peter"]
[Result "1-0"]
[WhiteElo "2235"]
[BlackElo "2395"]

1.d4 Nf6 2.Nf3 e6 3.c4 c5 4.d5 exd5 5.cxd5 d6 6.Nc3 g6 7.h3 Bg7 8.e4 O-O
9.Bd3 b5 10.Nxb5 Re8 11.O-O Nxe4 12.Re1 a6 13.Na3 Nf6 14.Rxe8+ Nxe8 15.Nc4 Nd7
16.Bg5 Qc7 17.Qd2 Bb7 18.Bf1 Ndf6 19.Ne3 Ne4 20.Qc2 Nxg5 21.Nxg5 Nf6 22.Rd1 Qe7
23.h4 h6 24.Nf3 Nh5 25.Re1 Rf8 26.Bc4 Qd8 27.Qd2 Bc8 28.b4 Qb6 29.bxc5 Qxc5
30.Rc1 Qa3 31.Bb3 Qb2 32.Qxb2 Bxb2 33.Rc6 Ba3 34.Nc4 Bc5 35.Nxd6 Bxd6 36.Rxd6 Kh8
37.Ne5  1-0

[Event "Komercni Banka op"]
[Site "Pardubice"]
[Date "1996.??.??"]
[Round "2"]
[White "Kubikova, Hana"]
[Black "Schula, Michal"]
[Result "1/2-1/2"]
[WhiteElo "2180"]
[BlackElo "2280"]

1.d4 Nf6 2.c4 e6 3.Nf3 c5 4.d5 exd5 5.cxd5 d6 6.Nc3 g6 7.g3 Bg7 8.Bg2 O-O
9.O-O Na6 10.Bf4 Nc7 11.a4 Nh5 12.Bg5 f6 13.Bd2 f5 14.Bg5 Bf6 15.Qd2 Rb8
16.e4 Bxg5 17.Qxg5 Qxg5 18.Nxg5 Bd7 19.Rfe1 Rfe8 20.f4 h6 21.Ne6 Nxe6 22.dxe6 Bxe6
23.Nb5 Red8 24.exf5 Bxf5 25.Red1 Bc2 26.Rxd6 Rxd6 27.Nxd6 b6 28.a5 Rd8 29.axb6 axb6
30.Nc4 b5 31.Ne5 Nf6 32.Ra6 Kg7 33.Ra7+ Kg8 34.Bf3 g5 35.Nf7 Rd7 36.Nxh6+ Kg7
37.Rxd7+ Nxd7 38.fxg5 Ne5 39.Be2 c4 40.Ng4 Nxg4 41.Bxg4 b4 42.Be6 c3 43.bxc3 b3
44.Bxb3 Bxb3 45.Kf2 Kg6 46.h4 Kf5 47.Kf3 Ke5 48.g4 Bd5+ 49.Kg3 Bc4 50.h5 Bd3
51.g6 Kf6 52.Kf4 Be2 53.g5+ Kg7 54.h6+ Kxg6 55.Ke4 Bc4 56.Ke5 Bg8 57.Kf4 Bc4  1/2-1/2

[Event "Komercni Banka op"]
[Site "Pardubice"]
[Date "1996.??.??"]
[Round "4"]
[White "Iljushin, Alexei"]
[Black "Svatos, Jan"]
[Result "0-1"]
[WhiteElo "2400"]
[BlackElo "2245"]

1.d4 Nf6 2.c4 c5 3.d5 e6 4.Nc3 exd5 5.cxd5 d6 6.Nf3 g6 7.e4 Bg7 8.Be2 O-O
9.O-O Re8 10.Nd2 a6 11.a4 Nbd7 12.Qc2 Rb8 13.f4 c4 14.a5 Nc5 15.Bf3 Ng4 16.Bxg4 Bxg4
17.Nxc4 Bxc3 18.bxc3 Rxe4 19.Ne3 Qh4 20.c4 Rbe8 21.Qc3 f6 22.Bd2 Be2 23.Rf2 Bd3
24.g3 Qh3 25.Re1 Kf7 26.Rf3 h5 27.Qb4 R4e7 28.Rf2 h4 29.f5 g5 30.Nf1 Bxf1
31.Re6 hxg3 32.hxg3 Rh8 33.Rxf6+ Kxf6 34.Bc3+ Kf7 35.Bxh8 Qxg3+ 36.Kxf1 Qxf2+
37.Kxf2 Nd3+  0-1

[Event "Komercni Banka op"]
[Site "Pardubice"]
[Date "1996.??.??"]
[Round "5"]
[White "Korotylev, Alexey"]
[Black "Stocek, Jiri"]
[Result "1-0"]
[WhiteElo "2435"]
[BlackElo "2460"]

1.d4 Nf6 2.c4 e6 3.Nf3 c5 4.d5 exd5 5.cxd5 d6 6.Nc3 g6 7.e4 Bg7 8.h3 O-O
9.Bd3 a6 10.a4 Re8 11.O-O Nbd7 12.Re1 Qe7 13.Be3 Rb8 14.Nd2 Qf8 15.f4 h6
16.Qc2 b6 17.Bc4 Bb7 18.Qd3 Ra8 19.Nf3 Qe7 20.Bd2 Nh7 21.Re2 g5 22.e5 dxe5
23.fxg5 b5 24.axb5 axb5 25.Rxa8 Rxa8 26.Bxb5 c4 27.Qxc4 hxg5 28.Qc7 Qc5+
29.Qxc5 Nxc5 30.Nxe5 Nb3 31.Nc6 Nd4 32.Re7 Ra1+ 33.Kh2 Bf8 34.Re8 Nxb5 35.Nxb5 Nf6
36.Ne7+ Kg7 37.Bc3 Ra8 38.Nc7 Bxe7 39.Rxe7  1-0

[Event "Komercni Banka op"]
[Site "Pardubice"]
[Date "1996.??.??"]
[Round "6"]
[White "Fokin, Sergey"]
[Black "Svatos, Jan"]
[Result "1-0"]
[WhiteElo "2380"]
[BlackElo "2245"]

1.d4 Nf6 2.c4 c5 3.d5 e6 4.Nc3 exd5 5.cxd5 d6 6.Nf3 g6 7.Bg5 Bg7 8.Nd2 h6
9.Bh4 O-O 10.e4 Nbd7 11.Be2 a6 12.a4 Re8 13.O-O Rb8 14.Qc2 Qc7 15.Bg3 Ne5
16.h3 g5 17.f4 gxf4 18.Rxf4 Ng6 19.Rf2 Nd7 20.Nc4 Nde5 21.Nxe5 Nxe5 22.Raf1 Qe7
23.Qd2 Rf8 24.Nd1 Bd7 25.Ne3 Qg5 26.Bf4 Qg6 27.Bxe5 Bxe5 28.Bg4 Bxg4 29.Nxg4 Bd4
30.Nxh6+ Kh7 31.Nf5 Bxf2+ 32.Rxf2 Rg8 33.Rf4  1-0

[Event "Komercni Banka op"]
[Site "Pardubice"]
[Date "1996.??.??"]
[Round "6"]
[White "Berezovics, Alexander"]
[Black "Schula, Michal"]
[Result "1-0"]
[WhiteElo "2360"]
[BlackElo "2280"]

1.d4 Nf6 2.Nf3 c5 3.d5 e6 4.c4 exd5 5.cxd5 d6 6.Nc3 g6 7.Bg5 Bg7 8.e3 a6
9.a4 h6 10.Bh4 O-O 11.Nd2 Qc7 12.Bd3 Nbd7 13.Nc4 Ne5 14.Nxe5 dxe5 15.O-O Ne8
16.e4 Nd6 17.b3 b6 18.Qe2 Re8 19.f3 Qb7 20.Bf2 a5 21.Nb5 Bf8 22.Be3 Qe7 23.Qd2 Kh7
24.f4 Bg7 25.fxe5 Bxe5 26.Nxd6 Bxd6 27.Bxh6 f6 28.Bf4 Kg7 29.Rf3 Bd7 30.Raf1 Rf8
31.Rg3 Be5 32.Bh6+ Kh7 33.Bxf8 Rxf8 34.Rgf3 Bg4 35.R3f2 Bd4 36.Qf4 Bd7 37.Kh1 Kg7
38.Qf3 Rh8 39.Rd2 Qd6 40.g3 Be5 41.Rg1 Bd4 42.Qf4 Be5 43.Qf3 Bd4 44.Rc1 Be5
45.Kg1 Rh3 46.Bf1 Rh8 47.Rd3 Bc8 48.Rc2 Bd7 49.Qd1 Bc8 50.Be2 Rh6 51.Bg4 Ba6
52.Rdd2 Rh8 53.Qf3 Rh6 54.Kg2 Rh8 55.Rc1 Rh6 56.Be6 Rh5 57.h4 Rh8 58.Rh1 Rh6
59.g4 Bf4 60.Rf2 g5 61.hxg5 Bxg5 62.Rxh6 Kxh6 63.Qf5 Kg7 64.Rf3  1-0

[Event "Komercni Banka op"]
[Site "Pardubice"]
[Date "1996.??.??"]
[Round "7"]
[White "Jedlicka, Ales"]
[Black "Nun, Jiri"]
[Result "0-1"]
[WhiteElo "2145"]
[BlackElo "2390"]

1.d4 Nf6 2.c4 c5 3.d5 e6 4.Nc3 exd5 5.cxd5 d6 6.Nf3 g6 7.Bf4 a6 8.a4 Bg7
9.e4 O-O 10.Nd2 Ne8 11.Be2 f5 12.exf5 Bxf5 13.Bg3 Nd7 14.Nc4 Ndf6 15.O-O Ne4
16.Nxe4 Bxe4 17.f3 Bd4+ 18.Bf2 Bxf2+ 19.Rxf2 Qf6 20.Qe1 Bf5 21.g4 Bd7 22.f4 Rd8
23.b3 Bc8 24.Rd1 Nc7 25.Qd2 Rde8 26.h3 Re4 27.Nb6 Rb4 28.Nxc8 Rxc8 29.g5 Qf7
30.Bg4 Re8 31.Re1 Rd4 32.Rxe8+ Qxe8 33.Qc1 Re4 34.Qd2 Re1+ 35.Kg2 Qe4+ 36.Bf3 Qb1
37.Re2 Rxe2+ 38.Qxe2 Kf7 39.Qe3 Qb2+ 40.Kg3 b5 41.axb5 axb5 42.Kg4 b4 43.f5 gxf5+
44.Kxf5 Qc3 45.Qf4 Ke7 46.Qe4+ Kf8 47.Kf4 Qg7 48.Kg4 Qf7 49.Qd3 Ne8 50.Be4 Kg8
51.h4 h5+ 52.Kg3 Qe7 53.Bf3 Qe5+ 54.Kg2 Ng7 55.Qg6 Qb2+ 56.Kf1 Qxb3 57.Qf6 Qe3
58.Kg2 Qe5 59.Qxe5 dxe5 60.d6 Kf8 61.Bd5 Nf5  0-1

[Event "St Petersburg-Paris"]
[Site "Paris"]
[Date "1996.??.??"]
[Round "1"]
[White "Wagner, Claude"]
[Black "Nepomnishay, Mikhail I"]
[Result "0-1"]
[WhiteElo "2420"]
[BlackElo "2470"]

1.d4 Nf6 2.c4 e6 3.Nf3 c5 4.d5 d6 5.Nc3 exd5 6.cxd5 g6 7.h3 Bg7 8.e4 O-O
9.Bd3 b5 10.Nxb5 Re8 11.O-O Nxe4 12.Re1 a6 13.Na3 Nf6 14.Rxe8+ Nxe8 15.Bg5 Qc7
16.Qe2 Nf6 17.Nc4 Nbd7 18.Rd1 Bb7 19.Bf4 Bf8 20.Ne3 Nb6 21.Bc4 Re8 22.Bg5 Ne4
23.Bf4 f5 24.Qd3 h6 25.h4 Nf6 26.Be5 Nxc4 27.Bxf6 Nxe3 28.fxe3 Qf7 29.Bc3 Re4
30.b3 Be7 31.Bb2 Bf6 32.Bxf6 Qxf6 33.Kf2 g5 34.hxg5 hxg5 35.Rh1 g4 36.Nd2 Re5
37.Nc4 Rxd5 38.Qc2 Bc6 39.a4 Be8 40.g3 Qg7 41.Nb6 Re5 42.Qc4+ Bf7 43.Qxa6 Re6
44.Qc8+ Re8 45.Qxf5 Bxb3 46.Nd7 Qb2+ 47.Kg1 Qc1+ 48.Kh2 Qd2+ 49.Kg1 Qxe3+
50.Qf2 Qe1+ 51.Qxe1 Rxe1+ 52.Kh2 Re2+ 53.Kg1 Be6 54.Nb6 c4 55.Kf1 Rb2 56.Rh6 Kf7
57.Rh7+ Kg6 58.Re7 Kf6 59.Rxe6+ Kxe6 60.Nxc4 Rb4  0-1

[Event "ARG-ch"]
[Site "Pena City"]
[Date "1996.??.??"]
[Round "5"]
[White "Soppe, Guillermo"]
[Black "Rosito, Jorge"]
[Result "1/2-1/2"]
[WhiteElo "2485"]
[BlackElo "2420"]

1.d4 Nf6 2.Nf3 e6 3.c4 c5 4.d5 d6 5.Nc3 exd5 6.cxd5 g6 7.g3 Bg7 8.Bg2 O-O
9.O-O a6 10.a4 Re8 11.Nd2 Nbd7 12.Rb1 Rb8 13.b4 cxb4 14.Rxb4 Nc5 15.Nc4 Ng4
16.Bd2 Ne5 17.Ne3 Bd7 18.h3 b5 19.axb5 axb5 20.Qb1 Na6 21.Rb2  1/2-1/2

[Event "ARG-ch"]
[Site "Pena City"]
[Date "1996.??.??"]
[Round "13"]
[White "Garcia, Raimundo"]
[Black "Rosito, Jorge"]
[Result "0-1"]
[WhiteElo "2380"]
[BlackElo "2420"]

1.Nf3 Nf6 2.c4 e6 3.d4 c5 4.d5 d6 5.Nc3 exd5 6.cxd5 g6 7.e4 a6 8.h3 b5 9.Bd3 Bg7
10.O-O O-O 11.Bf4 Qb6 12.Re1 Nbd7 13.a3 c4 14.Bc2 Nc5 15.Qd2 Re8 16.Bh6 Bh8
17.e5 dxe5 18.Nxe5 Bb7 19.Qf4 Re7 20.Rad1 Rae8 21.Nf3 Rxe1+ 22.Rxe1 Rxe1+
23.Nxe1 Bxd5 24.Qe3 Be6 25.Nf3 Ncd7 26.Qd2 Bg7 27.Be3 Qb7 28.Bd4 h6 29.Qe3 Nd5
30.Nxd5 Qxd5 31.Be4 Qd6 32.h4 Bxd4 33.Nxd4 Bd5 34.Bc2 Qe5 35.Qxe5 Nxe5 36.f4 Nd3
37.Bxd3 cxd3 38.Kf2 Bxg2 39.Ke3 Kg7 40.Kxd3 Kf6 41.Ke3 Bd5 42.b4 g5 43.hxg5+ hxg5
44.fxg5+ Kxg5 45.Ne2 Kf5 46.Nf4 Bc4 47.Nh3 Ke5 48.Ng5 Bd5 49.Nh3 Bg2 50.Nf4 Bf1
51.Nh5 Kd5 52.Ng3 Bg2 53.Kd3 f5 54.Ke3 Be4 55.Ne2 Kc4 56.Nd4 Kc3 57.Ne6 Bb7
58.Nc5 Bc8 59.Nd3 Kb3 60.Kd4 Kxa3 61.Kc3 a5 62.bxa5 Ka4 63.Nf4 Kxa5 64.Nd5 Be6
65.Nf4 Bd7 66.Nd3 Bc6 67.Nf4 Be4 68.Ne6 Ka4 69.Kb2 Kb4 70.Nf4 Kc4 71.Nh5 Kd4  0-1

[Event "Pico City op"]
[Site "Pico City"]
[Date "1996.??.??"]
[Round "4"]
[White "Sorin, Ariel"]
[Black "Rosito, Jorge"]
[Result "1-0"]
[WhiteElo "2485"]
[BlackElo "2420"]

1.d4 Nf6 2.c4 e6 3.Nf3 c5 4.d5 d6 5.Nc3 exd5 6.cxd5 g6 7.e4 a6 8.a4 Bg4 9.Be2 Bxf3
10.Bxf3 Nbd7 11.Bf4 Qe7 12.O-O Bg7 13.a5 O-O 14.Qc2 Rac8 15.Rfe1 Rfe8 16.h3 h5
17.Ra4 Nh7 18.Be2 Rc7 19.Bf1 Ne5 20.Bd2 g5 21.Nd1 g4 22.Ne3 Qf6 23.Nf5 Ng5
24.Ra3 Qg6 25.Kh1 Rd7 26.h4 Nh7 27.f4 gxf3 28.gxf3 Kh8 29.Bh3 Qf6 30.f4 Ng4
31.Bxg4 hxg4 32.Bc3  1-0

[Event "JUG-ch Podgorica"]
[Site "Podgorica"]
[Date "1996.??.??"]
[Round "11"]
[White "Blagojevic, Dragisa"]
[Black "Arsovic, Zoran"]
[Result "1-0"]
[WhiteElo "2450"]
[BlackElo "2460"]

1.d4 Nf6 2.c4 e6 3.Nf3 c5 4.d5 exd5 5.cxd5 d6 6.Nc3 a6 7.a4 g6 8.h3 Qe7 9.Bf4 Bg7
10.Nd2 O-O 11.Nc4 Rd8 12.e3 Ne8 13.a5 Nd7 14.Na4 Ne5 15.Nab6 Nxc4 16.Bxc4 Rb8
17.Qd2 Nf6 18.Be2 Bd7 19.O-O Bb5 20.Bg5 h6 21.Bxf6 Bxf6 22.Rab1 Qe4 23.Rfc1 Be5
24.Bf1 Re8 25.b4 Bxf1 26.Kxf1 Rbd8 27.Qc2 Qh4 28.bxc5 dxc5 29.Qxc5 Bd6 30.Qc4 Re4
31.Qd3 Re5 32.Rc4 Qf6 33.Rc8 Ree8 34.Rxd8 Rxd8 35.Nc4 Bc5 36.Rxb7 Qg5 37.d6 Qf6
38.d7 Qc6 39.Qb3 Rxd7 40.Rb8+ Bf8 41.Qb4 Kh7 42.Rxf8 Qe4 43.Kg1  1-0

[Event "POL-chTJ"]
[Site "Poland"]
[Date "1996.??.??"]
[Round "?"]
[White "Bialy, Rafal"]
[Black "Wlodarczyk, Oskar"]
[Result "1/2-1/2"]
[WhiteElo "2155"]
[BlackElo "2080"]

1.d4 Nf6 2.Nf3 e6 3.c4 c5 4.d5 exd5 5.cxd5 d6 6.Nc3 a6 7.Bg5 g6 8.e4 Bg4
9.Qa4+ Nbd7 10.e5 b5 11.Qf4 dxe5 12.Nxe5 Bd6 13.Nxd7 Bxf4 14.Nxf6+ Kf8 15.Nxh7+ Rxh7
16.Bxd8 Rxd8 17.f3 Bf5 18.Be2 Rxh2 19.Rxh2 Bxh2 20.a4 b4 21.Ne4 Rxd5 22.Bxa6 Bxe4
23.fxe4 Rd4 24.Bb7 Rd7 25.Bd5 Be5 26.O-O-O  1/2-1/2

[Event "EU-ch U18 Girls"]
[Site "Rimavska Sobota"]
[Date "1996.??.??"]
[Round "2"]
[White "Kononenko, Tatiana"]
[Black "Gordon, Viktoria"]
[Result "0-1"]
[WhiteElo "2275"]
[BlackElo "2175"]

1.d4 Nf6 2.c4 e6 3.Nf3 c5 4.d5 exd5 5.cxd5 d6 6.Nc3 g6 7.e4 Bg7 8.h3 O-O
9.Bd3 a6 10.O-O b5 11.Bf4 Bb7 12.Re1 Re8 13.Qd2 Qb6 14.Bxd6 Qxd6 15.e5 Qd8
16.exf6 Bxf6 17.Rxe8+ Qxe8 18.Ne4 Nd7 19.Re1 Qf8 20.Bb1 Rd8 21.Rd1 Bg7 22.d6 Ne5
23.Nxe5 Bxe5 24.Nxc5 Rxd6 25.Bd3 Bc6 26.Qe2 Bd4 27.Ne4 Re6 28.Qc2 Qb4 29.Nc3 Qc5
30.Rf1 b4 31.Nd1 Qd5 32.Ne3 Qg5 33.Bc4 Be4 34.Qe2 Bxg2 35.Qg4 Qxg4 36.Nxg4 Bxf1
37.Bxe6 fxe6 38.Kxf1 Bxb2 39.Ke2 Kf7 40.Kd3 Bc3 41.Kc4 h5 42.Ne3 Kf6 43.Nc2 a5
44.Ne3 Be1 45.f3 Bd2 46.Ng2 g5 47.Kd3 Bc1 48.Kd4 Bb2+ 49.Kd3 Be5 50.Kc4 Kf5
51.Kd3 Bc7 52.Kd4 Bb6+ 53.Kd3 Bf2 54.Ke2 Bb6 55.Kd3 e5 56.Ke2 e4 57.Ne1 exf3+
58.Kxf3 g4+  0-1

[Event "EU-ch U18"]
[Site "Rimavska Sobota"]
[Date "1996.??.??"]
[Round "5"]
[White "Guid, Matej"]
[Black "Piceu, Tom"]
[Result "1/2-1/2"]
[WhiteElo "2155"]
[BlackElo "2210"]

1.d4 Nf6 2.c4 c5 3.d5 e6 4.Nc3 exd5 5.cxd5 d6 6.Nf3 g6 7.Bg5 Bg7 8.Nd2 Nbd7
9.e3 O-O 10.Be2 a6 11.a4 Qc7 12.O-O Rb8 13.Qc2 Re8 14.h3 b6 15.Rad1 h6 16.Bh4 g5
17.Bg3 Ne5 18.f4 gxf4 19.exf4 Ng6 20.Bd3 Ne7 21.Rfe1 Bb7 22.Nde4 Nfxd5 23.Nxd5 Nxd5
24.f5 Nb4 25.Qe2 Bd4+ 26.Kh1 Bxe4 27.Qg4+ Kh8 28.Bxe4 f6 29.Qh5 Rbd8 30.Bxd6 Qxd6
31.Qxh6+ Kg8 32.Qg6+ Kh8 33.Qh5+ Kg7 34.Qg6+ Kh8 35.Bd5 Qxd5 36.Qh6+  1/2-1/2